[Event "Barcelona IM2 03"]
[Site "Barcelona"]
[Date "2021.03.16"]
[Round "2"]
[White "Gonzalez Rodriguez, Raul Omar"]
[Black "Hernandez, Cristian Andres"]
[Result "0-1"]
[WhiteElo "2178"]
[BlackElo "2355"]
[PlyCount "114"]
[EventDate "2021.03.15"]
[EventType "tourn"]
[EventRounds "9"]
[EventCountry "ESP"]
[EventCategory "2"]
[SourceTitle "CBM 201 Extra"]
[Source "ChessBase"]
[SourceDate "2021.05.31"]
[SourceVersion "1"]
[SourceVersionDate "2021.05.31"]
[SourceQuality "1"]

1. c4 c6 2. Nf3 Nf6 3. b3 d5 4. Bb2 e6 5. e3 Bd6 6. Be2 0-0 7. Nc3 Nbd7 8. Qc2 Qe7 9. d4 dxc4 10. bxc4 e5 11. c5 Bc7 12. 0-0-0 b6 13. cxb6 axb6 14. Ng5 h6 15. h4 exd4 16. Rxd4 Be5 17. Rd2 Nc5 18. f4 Bxc3 19. Qxc3 Na4 20. Qe5 Qxe5 21. fxe5 Nd5 22. Nf3 Nxb2 23. Kxb2 Nxe3 24. Rc1 Be6 25. Rxc6 Rxa2+ 26. Kc1 Rxd2 27. Kxd2 Nxg2 28. Rxb6 Ra8 29. Nd4 Ra2+ 30. Kc3 Nf4 31. Bf3 Nd5+ 32. Bxd5 Bxd5 33. Rd6 Be4 34. e6 fxe6 35. Rxe6 Bd5 36. Re5 Bf7 37. Nf5 Rf2 38. Kd4 Bg6 39. Ne7+ Kf7 40. Nd5 Rh2 41. Re7+ Kg8 42. Nf4 Rxh4 43. Ke5 Bf7 44. Ra7 g5 45. Ne2 Rh1 46. Nd4 Rb1 47. Nf5 Re1+ 48. Kd4 Re6 49. Rd7 h5 50. Nd6 Bg6 51. Nc8 g4 52. Ne7+ Kf8 53. Nd5 g3 54. Rd8+ Kg7 55. Rd7+ Kh6 56. Ra7 g2 57. Ra1 h4 0-1

[Event "Barcelona IM"]
[Site "Barcelona"]
[Date "2021.02.09"]
[Round "3"]
[White "Gonzalez Rodriguez, Raul Omar"]
[Black "Lever, Erwan"]
[Result "1/2-1/2"]
[WhiteElo "2162"]
[BlackElo "2243"]
[PlyCount "94"]
[EventDate "2021.02.07"]
[EventType "tourn"]
[EventRounds "9"]
[EventCountry "ESP"]
[EventCategory "2"]
[SourceTitle "CBM 200 Extra"]
[Source "ChessBase"]
[SourceDate "2021.03.31"]
[SourceVersion "1"]
[SourceVersionDate "2021.03.31"]
[SourceQuality "1"]

1. c4 Nf6 2. Nc3 e6 3. e4 d5 4. e5 d4 5. exf6 dxc3 6. bxc3 Qxf6 7. d4 e5 8. Nf3 exd4 9. cxd4 Bb4+ 10. Bd2 Bxd2+ 11. Qxd2 c5 12. Rd1 cxd4 13. Nxd4 0-0 14. Be2 Rd8 15. Qe3 Bd7 16. 0-0 Ba4 17. Rd2 Nc6 18. Nb5 Rxd2 19. Qxd2 Rd8 20. Qe3 Nd4 21. Bd3 a6 22. Nc3 Bc6 23. Rd1 Nf5 24. Bxf5 Rxd1+ 25. Nxd1 Qxf5 26. Nc3 g6 27. h3 h5 28. Qd4 Qe6 29. a4 Qd7 30. Nd5 Bxd5 31. cxd5 Qd6 32. a5 Kf8 33. g4 hxg4 34. hxg4 Ke7 35. g5 Qc7 36. Qb4+ Kd7 37. Kg2 Ke8 38. Kf3 Qd7 39. Qe4+ Kd8 40. Qe5 Qh3+ 41. Ke2 Qg4+ 42. Ke3 Qc8 43. Kd4 Qd7 44. Qb8+ Ke7 45. Qe5+ Kd8 46. Qb8+ Ke7 47. Qe5+ Kd8 1/2-1/2

[Event "Barcelona Christmas IM"]
[Site "Barcelona"]
[Date "2020.01.04"]
[Round "8"]
[White "Gonzalez Rodriguez, Raul Omar"]
[Black "Munoz Pantoja, Miguel Angel"]
[Result "1/2-1/2"]
[WhiteElo "2155"]
[BlackElo "2498"]
[PlyCount "32"]
[EventDate "2019.12.27"]
[EventType "tourn"]
[EventRounds "9"]
[EventCountry "ESP"]
[EventCategory "1"]
[SourceTitle "CBM 194 Extra"]
[Source "ChessBase"]
[SourceDate "2020.03.31"]
[SourceVersion "1"]
[SourceVersionDate "2020.03.31"]
[SourceQuality "1"]

1. e4 d5 2. exd5 Qxd5 3. Nc3 Qa5 4. d4 Nf6 5. Nf3 Bg4 6. h3 Bxf3 7. Qxf3 c6 8. Bc4 Nbd7 9. 0-0 e6 10. Be3 Bd6 11. Ne4 Nxe4 12. Qxe4 Nf6 13. Qf3 0-0 14. c3 Rfe8 15. Rad1 Rad8 16. Rfe1 Rc8 1/2-1/2

[Event "Barcelona Christmas IM"]
[Site "Barcelona"]
[Date "2020.01.03"]
[Round "7"]
[White "Masague Artero, Guerau"]
[Black "Gonzalez Rodriguez, Raul Omar"]
[Result "1/2-1/2"]
[WhiteElo "2265"]
[BlackElo "2155"]
[PlyCount "38"]
[EventDate "2019.12.27"]
[EventType "tourn"]
[EventRounds "9"]
[EventCountry "ESP"]
[EventCategory "1"]
[SourceTitle "CBM 194 Extra"]
[Source "ChessBase"]
[SourceDate "2020.03.31"]
[SourceVersion "1"]
[SourceVersionDate "2020.03.31"]
[SourceQuality "1"]

1. c4 Nf6 2. Nc3 e5 3. g3 g6 4. Bg2 Bg7 5. Nf3 d6 6. d4 Nbd7 7. 0-0 0-0 8. e3 Re8 9. b3 a6 10. Bb2 c6 11. a4 h5 12. Qc2 exd4 13. exd4 Nf8 14. Rfe1 Bf5 15. Qd2 Qd7 16. Ba3 Rxe1+ 17. Rxe1 Re8 18. Rxe8 Nxe8 19. h4 Nh7 1/2-1/2

[Event "Vallfogona rapid op 27th"]
[Site "Vallfogona de Balaguer"]
[Date "2019.09.22"]
[Round "6"]
[White "Movsziszian, Karen"]
[Black "Gonzalez Rodriguez, Raul Omar"]
[Result "1-0"]
[WhiteElo "2475"]
[BlackElo "2155"]
[PlyCount "95"]
[EventDate "2019.09.22"]
[EventType "swiss (rapid)"]
[EventRounds "9"]
[EventCountry "ESP"]
[SourceTitle "EXT 2020"]
[Source "ChessBase"]
[SourceDate "2019.10.17"]
[SourceVersion "1"]
[SourceVersionDate "2019.10.17"]
[SourceQuality "1"]

1. g3 e5 2. c4 Nf6 3. Bg2 Bc5 4. Nc3 a6 5. e3 Nc6 6. a3 d6 7. Nge2 Ba7 8. 0-0 0-0 9. b4 Bf5 10. d3 Qd7 11. d4 Rae8 12. b5 axb5 13. Nxb5 Bb6 14. c5 dxc5 15. dxc5 Bxc5 16. Qxd7 Nxd7 17. Nxc7 Rc8 18. Nd5 Rfe8 19. Bb2 Na5 20. Bc3 Nb3 21. Ra2 Bd3 22. a4 Bc4 23. Rc2 Ba3 24. Rd1 Ndc5 25. Nb6 Bd3 26. Ra2 Rcd8 27. Rxd3 Rxd3 28. Rxa3 Rd1+ 29. Bf1 Nd2 30. Bxd2 Rxd2 31. Nc3 Red8 32. Bc4 Rc2 33. Nbd5 Ne4 34. Nxe4 Rxc4 35. Nec3 Kf8 36. Rb3 Rc5 37. e4 Rd7 38. f3 f6 39. Kf2 Kf7 40. Ke3 Ke6 41. Rb6+ Rc6 42. Rb5 Rdc7 43. Kd3 Rd7 44. a5 Rf7 45. g4 g6 46. Na4 Kd6 47. Nab6 Rd7 48. Nxd7 1-0

[Event "Vallfogona rapid op 27th"]
[Site "Vallfogona de Balaguer"]
[Date "2019.09.22"]
[Round "4"]
[White "Perez Mitjans, Orelvis"]
[Black "Gonzalez Rodriguez, Raul Omar"]
[Result "1-0"]
[WhiteElo "2409"]
[BlackElo "2155"]
[PlyCount "119"]
[EventDate "2019.09.22"]
[EventType "swiss (rapid)"]
[EventRounds "9"]
[EventCountry "ESP"]
[SourceTitle "EXT 2020"]
[Source "ChessBase"]
[SourceDate "2019.10.17"]
[SourceVersion "1"]
[SourceVersionDate "2019.10.17"]
[SourceQuality "1"]

1. e4 c5 2. Nf3 d6 3. c3 Nf6 4. h3 Bd7 5. Bd3 Bc6 6. Qe2 Nbd7 7. 0-0 e6 8. Bc2 Be7 9. d4 Rc8 10. Rd1 Qc7 11. Bf4 cxd4 12. Nxd4 e5 13. Nxc6 bxc6 14. Bg3 0-0 15. Nd2 Nc5 16. Nc4 Ne6 17. Ne3 g6 18. Bh4 Nh5 19. Bxe7 Nef4 20. Qd2 Qxe7 21. Qxd6 Qg5 22. Kf1 Rfd8 23. Qc5 Qf6 24. Ng4 Qh4 25. Qxe5 Nxh3 26. Nh6+ Kf8 27. gxh3 Nf4 28. Qh8+ Ke7 29. Qe5+ Kf8 30. Qc5+ Kg7 31. Nf5+ gxf5 32. Qxf5 Nxh3 33. Qe5+ f6 34. Qg3+ Qxg3 35. fxg3 Ng5 36. Kf2 Kf7 37. Ke3 Ke6 38. Rd4 c5 39. Ra4 Rc7 40. Rf1 Rd6 41. Bb3+ Ke7 42. Bd5 Rb6 43. b3 Rd7 44. c4 Kd8 45. Ra5 Rc7 46. Rf5 h6 47. Kd3 Rd6 48. Kc3 Rb6 49. Kd3 Ke7 50. g4 Rd6 51. Ke3 Rb6 52. Kf2 Rd6 53. Kg3 Nh7 54. Rh5 Kf8 55. Rxh6 Kg7 56. Rh5 Ng5 57. e5 Rd8 58. Ra6 Rf8 59. exf6+ Kg6 60. f7+ 1-0

[Event "Sabadell Diada blitz op 16th"]
[Site "Sabadell"]
[Date "2019.09.11"]
[Round "2"]
[White "Gonzalez Rodriguez, Raul Omar"]
[Black "Arenas Vanegas, David"]
[Result "0-1"]
[WhiteElo "2169"]
[BlackElo "2448"]
[PlyCount "134"]
[EventDate "2019.09.11"]
[EventType "swiss (blitz)"]
[EventRounds "9"]
[EventCountry "ESP"]
[SourceTitle "EXT 2020"]
[Source "ChessBase"]
[SourceDate "2019.10.17"]
[SourceVersion "1"]
[SourceVersionDate "2019.10.17"]
[SourceQuality "1"]

1. c4 g6 2. Nc3 Bg7 3. g3 Nf6 4. Bg2 0-0 5. Nf3 d6 6. 0-0 Nc6 7. d3 e5 8. Rb1 a5 9. a3 Re8 10. Nd2 Be6 11. Nd5 Nd7 12. b4 axb4 13. axb4 Nd4 14. e3 Nf5 15. Ne4 c6 16. Ndc3 Qc7 17. Bb2 d5 18. Ng5 dxc4 19. Nxe6 Rxe6 20. dxc4 Nf6 21. Qc2 Nd6 22. Qb3 Ree8 23. Rfd1 Rad8 24. Rd2 Nc8 25. Rbd1 Rxd2 26. Rxd2 Rd8 27. Qd1 Rxd2 28. Qxd2 Qd6 29. Qxd6 Nxd6 30. Bf1 Kf8 31. Ba3 Ke8 32. Bd3 e4 33. Be2 Nd7 34. Na4 Ne5 35. Nb6 Kd8 36. b5 Nc8 37. Nxc8 Kxc8 38. Kf1 Nd7 39. Bd6 Be5 40. Ba3 Kc7 41. c5 Bg7 42. Bc4 Ne5 43. b6+ Kd8 44. Bb3 Bf8 45. Ke2 Ke8 46. Bb2 Nd7 47. Bc2 Bxc5 48. Bxe4 Bxb6 49. f4 Ke7 50. Bc2 Bc5 51. e4 b5 52. g4 Nb6 53. g5 Bd6 54. Bf6+ Ke8 55. Kf3 c5 56. h4 b4 57. h5 c4 58. e5 Be7 59. e6 b3 60. Be4 Bxf6 61. gxf6 fxe6 62. hxg6 hxg6 63. Bxg6+ Kf8 64. Ke3 Nd5+ 65. Kd4 c3 66. f5 c2 67. fxe6 Nxf6 0-1

[Event "Barcelona August IM"]
[Site "Barcelona"]
[Date "2019.08.09"]
[Round "5"]
[White "Fernandez Diaz, Cristian"]
[Black "Gonzalez Rodriguez, Raul Omar"]
[Result "1-0"]
[WhiteElo "2303"]
[BlackElo "2147"]
[PlyCount "59"]
[EventDate "2019.08.05"]
[EventType "tourn"]
[EventRounds "9"]
[EventCountry "ESP"]
[EventCategory "2"]
[SourceTitle "CBM 191 Extra"]
[Source "ChessBase"]
[SourceDate "2019.09.30"]
[SourceVersion "1"]
[SourceVersionDate "2019.09.30"]
[SourceQuality "1"]

1. d4 Nf6 2. c4 c5 3. d5 e5 4. Nc3 d6 5. e4 Be7 6. Bd3 0-0 7. Nge2 Nbd7 8. Ng3 g6 9. Bh6 Re8 10. h4 Kh8 11. h5 Rg8 12. hxg6 fxg6 13. f3 a6 14. Qd2 Nf8 15. Nge2 Qe8 16. g4 Bd7 17. Ng3 Qf7 18. 0-0-0 b5 19. Rdf1 bxc4 20. Bxc4 Bb5 21. Be2 N8d7 22. g5 Nh5 23. Nxh5 gxh5 24. f4 Bxe2 25. Nxe2 exf4 26. Nxf4 Ne5 27. Ne6 Qg6 28. Rf5 Rab8 29. Qc3 Rgc8 30. Nf4 1-0

[Event "Barcelona August IM"]
[Site "Barcelona"]
[Date "2019.08.08"]
[Round "4"]
[White "Gonzalez Rodriguez, Raul Omar"]
[Black "Vergara Jofre, Felipe Andres"]
[Result "1-0"]
[WhiteElo "2147"]
[BlackElo "2339"]
[PlyCount "97"]
[EventDate "2019.08.05"]
[EventType "tourn"]
[EventRounds "9"]
[EventCountry "ESP"]
[EventCategory "2"]
[SourceTitle "CBM 191 Extra"]
[Source "ChessBase"]
[SourceDate "2019.09.30"]
[SourceVersion "1"]
[SourceVersionDate "2019.09.30"]
[SourceQuality "1"]

1. c4 e5 2. Nc3 Nc6 3. g3 Bc5 4. Bg2 d6 5. d3 a6 6. Nf3 Nge7 7. 0-0 0-0 8. a3 f5 9. b4 Ba7 10. b5 axb5 11. Nxb5 Bb6 12. Be3 Bxe3 13. fxe3 Kh8 14. Qd2 Be6 15. Ng5 Bg8 16. Nc3 h6 17. Nh3 d5 18. cxd5 Nxd5 19. Rfc1 Na5 20. Rab1 Nb6 21. Qc2 c6 22. Rb4 Nd5 23. Nxd5 Bxd5 24. Bxd5 Qxd5 25. Qc5 Qe6 26. Kg2 Qa2 27. Kf2 Nb3 28. Rc2 Nxc5 29. Rxa2 Ra5 30. Rc2 g5 31. Ke1 Rf7 32. Nf2 Kg7 33. Kd2 Kf6 34. g4 f4 35. Rxc5 Rxa3 36. exf4 gxf4 37. h4 Ra2+ 38. Rc2 Ra1 39. g5+ hxg5 40. Ne4+ Kg6 41. hxg5 Rh7 42. Rcb2 Rh2 43. Rxb7 f3 44. Ke3 Rf1 45. Rc7 fxe2 46. Rxc6+ Kf5 47. Rxe2 Rh3+ 48. Kd2 Kg4 49. Nf2+ 1-0

[Event "Barcelona CC IM"]
[Site "Barcelona"]
[Date "2018.11.22"]
[Round "7"]
[White "Gonzalez Rodriguez, Raul Omar"]
[Black "Ayats Llobera, Gerard"]
[Result "0-1"]
[WhiteElo "2206"]
[BlackElo "2399"]
[PlyCount "76"]
[EventDate "2018.10.11"]
[EventType "tourn"]
[EventRounds "9"]
[EventCountry "ESP"]
[EventCategory "2"]
[SourceTitle "CBM 187 Extra"]
[Source "ChessBase"]
[SourceDate "2018.11.04"]
[SourceVersion "1"]
[SourceVersionDate "2018.11.04"]
[SourceQuality "1"]

1. Nf3 Nf6 2. c4 g6 3. Nc3 Bg7 4. g3 0-0 5. Bg2 d6 6. 0-0 e5 7. d3 Nc6 8. Bg5 h6 9. Bxf6 Bxf6 10. Rb1 a5 11. a3 Be6 12. b4 axb4 13. axb4 Qd7 14. Nd5 Bg7 15. b5 Nd8 16. b6 c6 17. Nc7 Rc8 18. Nxe6 Nxe6 19. Nd2 Ra8 20. Ra1 Rfb8 21. Ra7 Rxa7 22. bxa7 Ra8 23. Qa1 e4 24. Qa3 exd3 25. exd3 Bd4 26. Ne4 Nc5 27. Re1 Nxe4 28. Rxe4 Rxa7 29. Qb4 Ra2 30. h3 Bxf2+ 31. Kh2 Ra1 32. Bf3 Ra2 33. Qb3 Rd2 34. Bg2 d5 35. cxd5 cxd5 36. Ra4 Qc7 37. Rg4 h5 38. Rg5 Bxg3+ 0-1

[Event "Barcelona CC IM"]
[Site "Barcelona"]
[Date "2018.10.25"]
[Round "3"]
[White "Gonzalez Rodriguez, Raul Omar"]
[Black "Perez Mitjans, Orelvis"]
[Result "1/2-1/2"]
[WhiteElo "2206"]
[BlackElo "2396"]
[PlyCount "139"]
[EventDate "2018.10.11"]
[EventType "tourn"]
[EventRounds "9"]
[EventCountry "ESP"]
[EventCategory "2"]
[SourceTitle "CBM 187 Extra"]
[Source "ChessBase"]
[SourceDate "2018.11.04"]
[SourceVersion "1"]
[SourceVersionDate "2018.11.04"]
[SourceQuality "1"]

1. c4 Nf6 2. Nc3 c5 3. g3 g6 4. Bg2 Bg7 5. d3 0-0 6. Nf3 d5 7. cxd5 Nxd5 8. Bd2 Nc6 9. Rc1 b6 10. Qa4 Bb7 11. Qh4 Nd4 12. Nxd4 cxd4 13. Ne4 e5 14. Bg5 f6 15. Bh6 Qe7 16. 0-0 Rae8 17. Rc4 Ba6 18. Rcc1 Bxh6 19. Qxh6 Bc8 20. Ng5 Bb7 21. Ne4 Rd8 22. a3 Bc8 23. Rc2 Nc7 24. Rfc1 Ne6 25. h4 Bb7 26. Qd2 Rf7 27. Qb4 Kg7 28. Qxe7 Rxe7 29. b4 h6 30. Nd2 Bxg2 31. Kxg2 Rdd7 32. Nc4 Nc7 33. Nd2 Nd5 34. Nb3 f5 35. Rc8 f4 36. Nd2 fxg3 37. fxg3 Nc3 38. Kf2 Rc7 39. Rxc7 Rxc7 40. Ke1 Re7 41. Ne4 Nd5 42. Rc6 Ne3 43. Nd6 h5 44. Kf2 Nd5 45. Kf3 Kh7 46. g4 hxg4+ 47. Kxg4 Re6 48. b5 Rf6 49. h5 gxh5+ 50. Kxh5 Rg6 51. Nf5 Nf4+ 52. Kh4 Ng2+ 53. Kh5 Nf4+ 54. Kh4 Rg2 55. Rc7+ Kg6 56. Ng3 Nxe2 57. Nxe2 Rxe2 58. Rxa7 Kf5 59. Rf7+ Ke6 60. Rb7 Kd5 61. Rxb6 Kc5 62. Rb8 Ra2 63. b6 Kc6 64. b7 Rd2 65. Re8 Kxb7 66. Rxe5 Rxd3 67. Kg4 Rxa3 68. Kf4 Kc6 69. Ke4 Ra1 70. Kxd4 1/2-1/2

[Event "Barcelona CC IM"]
[Site "Barcelona"]
[Date "2018.10.18"]
[Round "2"]
[White "Cruz Estrada, Filemon"]
[Black "Gonzalez Rodriguez, Raul Omar"]
[Result "1/2-1/2"]
[WhiteElo "2289"]
[BlackElo "2206"]
[PlyCount "26"]
[EventDate "2018.10.11"]
[EventType "tourn"]
[EventRounds "9"]
[EventCountry "ESP"]
[EventCategory "2"]
[SourceTitle "CBM 187 Extra"]
[Source "ChessBase"]
[SourceDate "2018.11.04"]
[SourceVersion "1"]
[SourceVersionDate "2018.11.04"]
[SourceQuality "1"]

1. d4 d5 2. Nf3 Nf6 3. c4 e6 4. g3 Be7 5. Bg2 0-0 6. Qc2 Nbd7 7. 0-0 c6 8. Nbd2 Re8 9. b3 Bf8 10. Bb2 g6 11. e4 dxe4 12. Nxe4 Nxe4 13. Qxe4 Bg7 1/2-1/2

[Event "Barcelona Escacs op 2nd"]
[Site "Barcelona"]
[Date "2017.10.06"]
[Round "2"]
[White "Cabrera Marmol, Manel"]
[Black "Gonzalez Rodriguez, Raul Omar"]
[Result "0-1"]
[WhiteElo "1871"]
[BlackElo "2196"]
[PlyCount "92"]
[EventDate "2017.09.29"]
[EventType "swiss"]
[EventRounds "9"]
[EventCountry "ESP"]
[SourceTitle "EXT 2019"]
[Source "ChessBase"]
[SourceDate "2018.10.10"]
[SourceVersion "1"]
[SourceVersionDate "2018.10.10"]
[SourceQuality "1"]

1. e4 c5 2. d4 cxd4 3. c3 dxc3 4. Nxc3 Nc6 5. Nf3 d6 6. Bc4 e6 7. 0-0 Nge7 8. Qe2 Ng6 9. Rd1 a6 10. Be3 b5 11. Bb3 Bd7 12. Rac1 Be7 13. Bc2 0-0 14. Nd4 Nce5 15. b3 Rc8 16. Nb1 Bg5 17. Nf3 Bxe3 18. Qxe3 Nxf3+ 19. Qxf3 Qa5 20. a3 Rc6 21. Bd3 Rfc8 22. Rxc6 Rxc6 23. Qe3 Qc7 24. f4 Qb6 25. Qxb6 Rxb6 26. g3 Kf8 27. Kf2 Ke7 28. Ke3 Rc6 29. h4 Nf8 30. Nd2 Bc8 31. Kd4 e5+ 32. Ke3 Bg4 33. Rf1 Ne6 34. Ra1 Rc3 35. b4 exf4+ 36. gxf4 Nxf4 37. Kxf4 Rxd3 38. Ra2 Bd1 39. e5 Rd5 40. Ke3 dxe5 41. Ne4 f5 42. Nc5 f4+ 43. Kf2 e4 44. Nxa6 e3+ 45. Ke1 f3 46. Nc5 f2+ 0-1

[Event "Vallfogona rapid op 25th"]
[Site "Vallfogona de Balaguer"]
[Date "2017.09.17"]
[Round "7"]
[White "Gonzalez Rodriguez, Raul Omar"]
[Black "Vidarte Morales, Arturo"]
[Result "1/2-1/2"]
[WhiteElo "2196"]
[BlackElo "2336"]
[PlyCount "88"]
[EventDate "2017.09.17"]
[EventType "swiss (rapid)"]
[EventRounds "9"]
[EventCountry "ESP"]
[SourceTitle "CBM 180 Extra"]
[Source "ChessBase"]
[SourceDate "2017.10.06"]
[SourceVersion "1"]
[SourceVersionDate "2017.10.06"]
[SourceQuality "1"]

1. d4 Nf6 2. Nf3 e6 3. e3 d5 4. Bd3 Be7 5. 0-0 0-0 6. Nbd2 c5 7. c3 Qc7 8. Qe2 Nc6 9. dxc5 Bxc5 10. e4 h6 11. e5 Ng4 12. Nb3 Bb6 13. Bf4 f6 14. Bg3 Ngxe5 15. Nxe5 Nxe5 16. Rae1 Bd7 17. Bb1 Be8 18. Nd4 Qe7 19. Kh1 Bxd4 20. cxd4 Nc6 21. Qxe6+ Qxe6 22. Rxe6 Bf7 23. Re3 Nxd4 24. Rd1 Nc6 25. Rb3 Na5 26. Rb5 b6 27. Bf5 Rfe8 28. h4 Nc4 29. b3 Na5 30. Rb4 Re2 31. Ra4 Rae8 32. b4 Nc4 33. Rxa7 g6 34. Bd7 Re1+ 35. Rxe1 Rxe1+ 36. Kh2 Nd2 37. Ra8+ Kg7 38. Bd6 Nf1+ 39. Kg1 Nd2+ 40. Kh2 Nf1+ 41. Kg1 Nd2+ 42. Kh2 Nf1+ 43. Kg1 Nd2+ 44. Kh2 Nf1+ 1/2-1/2

[Event "Sant Boi Chalmeta Memorial"]
[Site "Sant Boi de Llobregat"]
[Date "2017.06.09"]
[Round "8"]
[White "Cruz Estrada, Filemon"]
[Black "Gonzalez Rodriguez, Raul Omar"]
[Result "1/2-1/2"]
[WhiteElo "2346"]
[BlackElo "2205"]
[PlyCount "31"]
[EventDate "2017.04.21"]
[EventType "tourn"]
[EventRounds "9"]
[EventCountry "ESP"]
[EventCategory "2"]
[SourceTitle "EXT 2018"]
[Source "ChessBase"]
[SourceDate "2017.10.13"]
[SourceVersion "1"]
[SourceVersionDate "2017.10.13"]
[SourceQuality "1"]

1. d4 d5 2. Nf3 Nf6 3. Bf4 Bf5 4. e3 c6 5. Bd3 e6 6. 0-0 Nbd7 7. Bxf5 exf5 8. Nbd2 Be7 9. Ne5 0-0 10. c3 Re8 11. Ndf3 Bf8 12. Qc2 g6 13. a3 Nh5 14. Nd3 Nxf4 15. Nxf4 Bd6 16. Nd3 1/2-1/2

[Event "Sant Boi Chalmeta Memorial"]
[Site "Sant Boi de Llobregat"]
[Date "2017.05.26"]
[Round "6"]
[White "Lorenzo de la Riva, Lazaro"]
[Black "Gonzalez Rodriguez, Raul Omar"]
[Result "1-0"]
[WhiteElo "2379"]
[BlackElo "2205"]
[PlyCount "71"]
[EventDate "2017.04.21"]
[EventType "tourn"]
[EventRounds "9"]
[EventCountry "ESP"]
[EventCategory "2"]
[SourceTitle "EXT 2018"]
[Source "ChessBase"]
[SourceDate "2017.10.13"]
[SourceVersion "1"]
[SourceVersionDate "2017.10.13"]
[SourceQuality "1"]

1. Nf3 e6 2. g3 f5 3. Bg2 Nf6 4. 0-0 Be7 5. c4 0-0 6. d4 d6 7. Nc3 Qe8 8. Re1 Qg6 9. e4 fxe4 10. Nxe4 Nxe4 11. Rxe4 Nc6 12. Re2 e5 13. d5 Nb4 14. a3 Nd3 15. Ne1 Bf5 16. Nxd3 Bxd3 17. Re3 Bxc4 18. Rc3 Ba6 19. Rxc7 Bd8 20. Rc3 Bf6 21. Be3 e4 22. Rb3 b6 23. Rb4 Bd3 24. Qa4 Rfc8 25. Re1 Be5 26. Bh3 b5 27. Qa6 Rc2 28. Bf1 Bxb2 29. Rb1 Be5 30. Bxd3 exd3 31. Rxb5 h5 32. R5b3 Bc3 33. Qc6 Rf8 34. Rxc3 Rcxf2 35. Bxf2 Rxf2 36. Kxf2 1-0

[Event "Barcelona Canovelles op 11th"]
[Site "Barcelona"]
[Date "2017.05.07"]
[Round "3.1"]
[White "Munoz Pantoja, Miguel Angel"]
[Black "Gonzalez Rodriguez, Raul Omar"]
[Result "1-0"]
[WhiteElo "2580"]
[BlackElo "2291"]
[PlyCount "91"]
[EventDate "2017.05.07"]
[EventType "swiss (rapid)"]
[EventRounds "9"]
[EventCountry "ESP"]
[SourceTitle "EXT 2024"]
[Source "ChessBase"]
[SourceDate "2023.10.10"]
[SourceVersion "1"]
[SourceVersionDate "2023.10.10"]
[SourceQuality "1"]

1. e4 e6 2. d4 d5 3. Nd2 b6 4. Ngf3 Bb7 5. Bd3 Nf6 6. Qe2 Be7 7. 0-0 c5 8. dxc5 bxc5 9. Bb5+ Kf8 10. exd5 exd5 11. c4 d4 12. Re1 Nc6 13. Bxc6 Bxc6 14. Ne5 Bb7 15. Ndf3 h6 16. Bf4 Rc8 17. b4 cxb4 18. Rad1 Bc5 19. Nd3 Be7 20. Nc1 Bxf3 21. gxf3 g5 22. Be5 Rg8 23. Nb3 Qd7 24. Nxd4 Qh3 25. Bg3 Re8 26. Nc6 Bc5 27. Qb2 Rxe1+ 28. Rxe1 Qf5 29. Re5 Qd3 30. Rxc5 Qd1+ 31. Kg2 Nh5 32. Ne5 Nf4+ 33. Bxf4 gxf4+ 34. Kh3 Rg5 35. Rc8+ Ke7 36. Nc6+ Ke6 37. Re8+ Kf5 38. Ne7+ Ke6 39. Nc6+ Kf5 40. Re5+ Kg6 41. Rxg5+ hxg5 42. Kg2 f6 43. h3 f5 44. Qe5 g4 45. hxg4 fxg4 46. Qe6+ 1-0

[Event "Sabadell Coral Colon"]
[Site "Sabadell"]
[Date "2017.02.03"]
[Round "1"]
[White "Munoz Pantoja, Miguel Angel"]
[Black "Gonzalez Rodriguez, Raul Omar"]
[Result "1-0"]
[WhiteElo "2481"]
[BlackElo "2204"]
[PlyCount "51"]
[EventDate "2017.02.03"]
[EventType "tourn"]
[EventRounds "9"]
[EventCountry "ESP"]
[EventCategory "3"]
[SourceTitle "CBM 177 Extra"]
[Source "ChessBase"]
[SourceDate "2017.04.27"]
[SourceVersion "1"]
[SourceVersionDate "2017.04.27"]
[SourceQuality "1"]

1. e4 e5 2. d4 exd4 3. Qxd4 Qf6 4. Qe3 b6 5. Nc3 Bc5 6. Qg3 Ne7 7. Bf4 Na6 8. Nf3 0-0 9. Bxa6 Bxa6 10. Bxc7 d6 11. 0-0-0 Bb4 12. Bxd6 Bxc3 13. bxc3 Ng6 14. e5 Qe6 15. Bxf8 Rxf8 16. Kb2 Qc4 17. Nd4 Ne7 18. Rhe1 Rc8 19. e6 fxe6 20. Nxe6 Nf5 21. Qe5 Qg4 22. Rd7 h5 23. h3 Qg6 24. g4 hxg4 25. hxg4 Qxg4 26. Qxf5 1-0

[Event "Mollet del Valles 4th"]
[Site "Mollet del Valles"]
[Date "2016.11.25"]
[Round "9"]
[White "Cruz Estrada, Filemon"]
[Black "Gonzalez Rodriguez, Raul Omar"]
[Result "1/2-1/2"]
[WhiteElo "2330"]
[BlackElo "2263"]
[PlyCount "21"]
[EventDate "2016.09.30"]
[EventType "tourn"]
[EventRounds "9"]
[EventCountry "ESP"]
[EventCategory "2"]
[SourceTitle "EXT 2018"]
[Source "ChessBase"]
[SourceDate "2017.10.13"]
[SourceVersion "1"]
[SourceVersionDate "2017.10.13"]
[SourceQuality "1"]

1. d4 d5 2. Nf3 Nf6 3. Bf4 Nc6 4. h3 Bf5 5. c3 e6 6. e3 a6 7. Bd3 Bxd3 8. Qxd3 Be7 9. 0-0 0-0 10. Nbd2 Re8 11. Rfe1 1/2-1/2